| 000 | 00505cam a22001931 4500 | ||
|---|---|---|---|
| 001 | ne 62000436 | ||
| 003 | DLC | ||
| 005 | 20260227111735.0 | ||
| 008 | 930621s1943 tu 000 0 tur | ||
| 010 | _ane 62000436 | ||
| 035 | _a(OCoLC)28307559 | ||
| 040 |
_aDLC _cCU _dCU _dDLC |
||
| 050 | 0 | 0 |
_aDS413 _b.A9 |
| 100 | 1 |
_aAtay, Falih Rıfkı, _d1893-1971. |
|
| 245 | 0 | 0 | _aHind. |
| 260 |
_a[İstanbul] _bS. Lûtfi Kitabevi _c[1943?] |
||
| 300 |
_a282 p. _c20 cm. |
||
| 651 | 0 |
_aIndia _xDescription and travel. |
|
| 999 |
_c45056 _d45056 |
||